000 00342nam a22001457a 4500
008 221212b ||||| |||| 00| 0 eng d
020 _a9780827359499
041 _aeng
080 _a338
082 _a338JOH
100 _a23.1
101 _aMENAXH
245 _aINFORMATION MANAGEMENT FOR HEALTH PROFESSIONS
_cJOHNS L.M
942 _2udc
_cBK
999 _c59172
_d59172